Ancient Egypt / (Record no. 1028)

MARC details
000 -LEADER
fixed length control field 01372pam a2200349 a 4500
005 - DATE AND TIME OF LATEST TRANSACTION
control field 20260322212044.0
008 - FIXED-LENGTH DATA ELEMENTS--GENERAL INFORMATION
fixed length control field data
010 ## - LIBRARY OF CONGRESS CONTROL NUMBER
LC control number 90004106
020 ## - INTERNATIONAL STANDARD BOOK NUMBER
International Standard Book Number 067980742X :
Terms of availability {dollar}13.95
020 ## - INTERNATIONAL STANDARD BOOK NUMBER
International Standard Book Number 0679907424 (lib. bdg.)
020 ## - INTERNATIONAL STANDARD BOOK NUMBER
International Standard Book Number 9780679807421 :
Terms of availability {dollar}13.95
020 ## - INTERNATIONAL STANDARD BOOK NUMBER
International Standard Book Number 9780679907428 (lib. bdg.)
040 ## - CATALOGING SOURCE
Original cataloging agency DLC
Transcribing agency DLC
Modifying agency DLC
042 ## - AUTHENTICATION CODE
Authentication code lcac
043 ## - GEOGRAPHIC AREA CODE
Geographic area code f-ua---
050 00 - LIBRARY OF CONGRESS CALL NUMBER
Classification number DT61
Item number .H284 1990
082 00 - DEWEY DECIMAL CLASSIFICATION NUMBER
Classification number 932/.01
Edition information 20
092 ## - LOCALLY ASSIGNED DEWEY CALL NUMBER (OCLC)
Classification number 932 H284 1990
001 - CONTROL NUMBER
control field data
100 1# - MAIN ENTRY--PERSONAL NAME
Personal name Hart, George,
Dates associated with a name 1945-
245 10 - TITLE STATEMENT
Title Ancient Egypt /
Statement of responsibility, etc. George Hart.
250 ## - EDITION STATEMENT
Edition statement 1st American ed.
260 ## - PUBLICATION, DISTRIBUTION, ETC.
Place of publication, distribution, etc. New York :
Name of publisher, distributor, etc. Distributed by Random House,
-- Distributed by Random House,
Date of publication, distribution, etc. 1990.
300 ## - PHYSICAL DESCRIPTION
Extent 63 p. :
Other physical details ill. (some col.) ;
Dimensions 29 cm.
490 0# - SERIES STATEMENT
Series statement Eyewitness books ;
Volume/sequential designation 23
500 ## - GENERAL NOTE
General note Includes index.
520 ## - SUMMARY, ETC.
Summary, etc. A photo essay on ancient Egypt and the people who lived there, documented through the mummies, pottery, weapons, and other objects they left behind. Describes their society, religion, obsession with the afterlife, and methods of mummification.
651 #0 - SUBJECT ADDED ENTRY--GEOGRAPHIC NAME
Geographic name Egypt
General subdivision Juvenile literature.
Chronological subdivision To 332 B.C.
General subdivision Juvenile literature.
651 #0 - SUBJECT ADDED ENTRY--GEOGRAPHIC NAME
Geographic name Egypt
General subdivision Juvenile literature.
-- Juvenile literature.
651 #1 - SUBJECT ADDED ENTRY--GEOGRAPHIC NAME
Geographic name Egypt
General subdivision Civilization
Chronological subdivision To 332 B.C.
856 42 - ELECTRONIC LOCATION AND ACCESS
Materials specified Publisher description
Uniform Resource Identifier <a href="http://www.loc.gov/catdir/description/random0410/90004106.html">http://www.loc.gov/catdir/description/random0410/90004106.html</a>
Holdings
Withdrawn status Lost status Damaged status Not for loan Home library Current library Shelving location Date acquired Total checkouts Full call number Barcode Date last seen Price effective from Koha item type
        Centerville Centerville General stacks 22/03/2026   932/.01 20 BC0011062 22/03/2026 22/03/2026 Books